[Event "GRE-ch U16"]
[Site "Peristeri"]
[Date "2023.07.03"]
[Round "1"]
[White "Yannopapas, Leontios"]
[Black "Hartofylakas, Spyros"]
[Result "0-1"]
[WhiteElo "1626"]
[BlackElo "1990"]
[PlyCount "80"]
[EventDate "2023.07.03"]
[EventType "swiss"]
[EventRounds "9"]
[EventCountry "GRE"]
[SourceTitle "EXT 2024"]
[Source "ChessBase"]
[SourceDate "2023.10.10"]
[SourceVersion "1"]
[SourceVersionDate "2023.10.10"]
[SourceQuality "1"]

1. d4 d5 2. c4 e6 3. Nc3 a6 4. cxd5 exd5 5. Qc2 c5 6. e3 Nc6 7. dxc5 Bxc5 8. a3 Nf6 9. Bd3 0-0 10. Nge2 Ba7 11. 0-0 Re8 12. b4 Be6 13. Bb2 Rc8 14. Rad1 h6 15. Qb1 Ng4 16. h3 Nge5 17. Bf5 Nc4 18. Bc1 Ne7 19. Bxe6 fxe6 20. Nf4 Qd7 21. Ng6 Nxg6 22. Qxg6 Rf8 23. Ne2 Rf6 24. Qg4 Rcf8 25. Qxc4 Qf7 26. Qh4 g5 27. Qg3 Bb8 28. f4 e5 29. Qg4 d4 30. exd4 exf4 31. d5 h5 32. Qf3 g4 33. hxg4 hxg4 34. Qxg4+ Rg6 35. Qf3 Ba7+ 36. Nd4 Qg7 37. Bb2 Rg3 38. Qe4 f3 39. Rd2 Rxg2+ 40. Kh1 Qh6+ 0-1

[Event "World School-ch U15"]
[Site "Rhodes"]
[Date "2023.04.21"]
[Round "8"]
[White "Hartofylakas, Spyros"]
[Black "Morkunas, Gustas"]
[Result "1/2-1/2"]
[WhiteElo "1993"]
[BlackElo "2073"]
[PlyCount "112"]
[EventDate "2023.04.14"]
[EventType "swiss"]
[EventRounds "9"]
[EventCountry "GRE"]
[SourceTitle "EXT 2024"]
[Source "ChessBase"]
[SourceDate "2023.10.10"]
[SourceVersion "1"]
[SourceVersionDate "2023.10.10"]
[SourceQuality "1"]

1. e4 c5 2. Nf3 e6 3. d4 cxd4 4. Nxd4 a6 5. Qd3 Qc7 6. Qg3 Qxg3 7. hxg3 d6 8. Be3 Bd7 9. Nd2 Nc6 10. f3 Nxd4 11. Bxd4 Bc6 12. a4 d5 13. e5 Ne7 14. Bd3 Bd7 15. c3 Nc6 16. Nb3 Rc8 17. Kd2 g6 18. f4 Nxd4 19. Nxd4 Bc5 20. Nf3 h5 21. g4 Ke7 22. gxh5 gxh5 23. Rh3 Rcg8 24. Ng5 f6 25. exf6+ Kxf6 26. Bh7 Rxg5 27. fxg5+ Kxg5 28. Rg3+ Kf6 29. Rf1+ Ke7 30. Rg7+ Kd6 31. b4 Bb6 32. a5 Bd8 33. Rff7 Bc6 34. Rg8 Rxg8 35. Bxg8 h4 36. Rg7 Bf6 37. Rg4 Be8 38. Bh7 e5 39. Rg8 Bc6 40. Bf5 e4 41. Bc8 Ke5 42. g3 hxg3 43. Rxg3 Kf4 44. Rg1 e3+ 45. Kc2 Ba4+ 46. Kd3 Bb5+ 47. Kc2 Ba4+ 48. Kd3 Bb5+ 49. Kc2 e2 50. Bxb7 d4 51. cxd4 Bxd4 52. Rh1 Bf2 53. Kd2 e1Q+ 54. Rxe1 Bxe1+ 55. Kxe1 Ke3 56. Bxa6 Bxa6 1/2-1/2

[Event "World School-ch U15"]
[Site "Rhodes"]
[Date "2023.04.18"]
[Round "5"]
[White "Raczek, Krzysztof"]
[Black "Hartofylakas, Spyros"]
[Result "1-0"]
[WhiteElo "2142"]
[BlackElo "1993"]
[PlyCount "75"]
[EventDate "2023.04.14"]
[EventType "swiss"]
[EventRounds "9"]
[EventCountry "GRE"]
[SourceTitle "EXT 2024"]
[Source "ChessBase"]
[SourceDate "2023.10.10"]
[SourceVersion "1"]
[SourceVersionDate "2023.10.10"]
[SourceQuality "1"]

1. e4 e5 2. Nf3 Nc6 3. Nc3 Nf6 4. d4 exd4 5. Nxd4 Bb4 6. Nxc6 bxc6 7. Bd3 d6 8. 0-0 Ng4 9. Na4 0-0 10. a3 Ba5 11. b4 Bb6 12. Nxb6 axb6 13. Bb2 Qe7 14. Qd2 f5 15. exf5 Bxf5 16. Rae1 Qh4 17. h3 Bxd3 18. Qxd3 Nxf2 19. Qe3 Rae8 20. Qb3+ d5 21. Rxe8 Rxe8 22. Rxf2 Re1+ 23. Rf1 Rxf1+ 24. Kxf1 b5 25. Qe3 Qc4+ 26. Qe2 Qf4+ 27. Kg1 Qf7 28. Qe5 h6 29. Bd4 Kh7 30. c3 Qd7 31. Qg3 Qf7 32. Be5 Qd7 33. Bxc7 Qe8 34. Be5 Qf7 35. Bd4 Qd7 36. Qe5 Qf7 37. g4 Qd7 38. Qf5+ 1-0

[Event "World School-ch U15"]
[Site "Rhodes"]
[Date "2023.04.17"]
[Round "4"]
[White "Asylov, Miras"]
[Black "Hartofylakas, Spyros"]
[Result "1/2-1/2"]
[WhiteElo "2094"]
[BlackElo "1993"]
[PlyCount "70"]
[EventDate "2023.04.14"]
[EventType "swiss"]
[EventRounds "9"]
[EventCountry "GRE"]
[SourceTitle "EXT 2024"]
[Source "ChessBase"]
[SourceDate "2023.10.10"]
[SourceVersion "1"]
[SourceVersionDate "2023.10.10"]
[SourceQuality "1"]

1. e4 e5 2. Nf3 Nc6 3. Bb5 a6 4. Ba4 Bc5 5. c3 Nge7 6. 0-0 Ng6 7. d4 Ba7 8. Bg5 f6 9. Be3 0-0 10. d5 Nce7 11. Bxa7 Rxa7 12. d6 cxd6 13. Qxd6 b5 14. Bb3+ Kh8 15. a4 Rb7 16. Nbd2 Rb6 17. Qc5 d6 18. Qe3 Bb7 19. a5 Rc6 20. Rfd1 h6 21. h4 Qc8 22. g3 Rd8 23. h5 Nf8 24. Nf1 Ne6 25. Bd5 Rc7 26. Bxb7 Qxb7 27. Qb6 Rcd7 28. Rxd6 Qxb6 29. Rxb6 Nc5 30. b4 Nxe4 31. Rxa6 Nxc3 32. Ne3 Rc7 33. Rb6 e4 34. Nh4 Nc6 35. Nf3 Ne7 1/2-1/2

[Event "GRE-ch U18"]
[Site "Larisa"]
[Date "2023.01.05"]
[Round "5"]
[White "Magalakis, Stefanos"]
[Black "Hartofylakas, Spyros"]
[Result "1/2-1/2"]
[WhiteElo "2153"]
[BlackElo "1911"]
[PlyCount "106"]
[EventDate "2023.01.02"]
[EventType "swiss"]
[EventRounds "9"]
[EventCountry "GRE"]
[SourceTitle "CBM 212 Extra"]
[Source "ChessBase"]
[SourceDate "2023.03.31"]
[SourceVersion "1"]
[SourceVersionDate "2023.03.31"]
[SourceQuality "1"]

1. Nf3 d5 2. g3 Nc6 3. d4 Bf5 4. a3 e6 5. Bg2 Nf6 6. 0-0 Be7 7. b3 Ne4 8. Bb2 h5 9. Nfd2 h4 10. Nxe4 Bxe4 11. Nd2 Bxg2 12. Kxg2 Qd7 13. Rh1 h3+ 14. Kf1 Bf6 15. Nf3 Qd6 16. Qd3 0-0-0 17. Rd1 Kb8 18. e3 g5 19. Ke2 g4 20. Nd2 e5 21. c3 Bg7 22. Rde1 f5 23. Kd1 f4 24. gxf4 exf4 25. e4 dxe4 26. Qxe4 Qf6 27. Kc2 Qf7 28. Nc4 Rhe8 29. Qd3 Re7 30. Rhg1 Rxe1 31. Rxe1 Re8 32. Rg1 Qh5 33. Bc1 Bh6 34. Bd2 a6 35. Qh7 Qg5 36. Qd3 Rg8 37. Qe4 Qh4 38. Be1 f3 39. d5 Ne7 40. d6 Nc8 41. d7 Ne7 42. Na5 Nc6 43. Nxc6+ bxc6 44. Qe8+ Qd8 45. Qh5 Qxd7 46. Qxh6 Qf5+ 47. Kc1 Re8 48. Bd2 Qc5 49. Rxg4 Qxa3+ 50. Kc2 Qa2+ 51. Kc1 Qa1+ 52. Kc2 Qa2+ 53. Kc1 Qa1+ 1/2-1/2

[Event "GRE-ch U18"]
[Site "Larisa"]
[Date "2023.01.03"]
[Round "2"]
[White "Georgiadis, Athanasios Kat"]
[Black "Hartofylakas, Spyros"]
[Result "0-1"]
[WhiteElo "1717"]
[BlackElo "1911"]
[PlyCount "66"]
[EventDate "2023.01.02"]
[EventType "swiss"]
[EventRounds "9"]
[EventCountry "GRE"]
[SourceTitle "CBM 212 Extra"]
[Source "ChessBase"]
[SourceDate "2023.03.31"]
[SourceVersion "1"]
[SourceVersionDate "2023.03.31"]
[SourceQuality "1"]

1. e4 e5 2. Nf3 Nc6 3. Bb5 a6 4. Ba4 Bc5 5. 0-0 Nge7 6. c3 Ng6 7. d4 Ba7 8. Re1 0-0 9. d5 Nce7 10. Nbd2 d6 11. Nf1 f5 12. exf5 Nxf5 13. Bg5 Nfe7 14. Ne3 h6 15. Bxe7 Qxe7 16. Bc2 Nf4 17. Be4 g5 18. Rf1 g4 19. Ne1 Qg5 20. N1c2 Bd7 21. c4 Rf6 22. Qd2 Raf8 23. Rae1 h5 24. f3 g3 25. h3 Qh4 26. Re2 Kh8 27. Ra1 Rg8 28. Kf1 Nxh3 29. gxh3 Qxe4 30. Ke1 Qxf3 31. Kd1 g2 32. Nxg2 Rxg2 33. Ne1 Qxe2+ 0-1

[Event "GRE-chT U16 14th"]
[Site "Rio Achaia"]
[Date "2022.12.17"]
[Round "5"]
[White "Hartofylakas, Spyros"]
[Black "Theodoridis, Charalampos"]
[Result "1/2-1/2"]
[WhiteElo "1957"]
[BlackElo "1643"]
[PlyCount "85"]
[EventDate "2022.12.15"]
[EventType "team-swiss"]
[EventRounds "6"]
[EventCountry "GRE"]
[SourceTitle "EXT 2024"]
[Source "ChessBase"]
[SourceDate "2023.10.10"]
[SourceVersion "1"]
[SourceVersionDate "2023.10.10"]
[SourceQuality "1"]

1. e4 e5 2. Nf3 Nc6 3. Nc3 Nf6 4. d4 exd4 5. Nxd4 Bc5 6. Nxc6 bxc6 7. Bd3 0-0 8. 0-0 d6 9. Bg5 h6 10. Bh4 Re8 11. Na4 Bb6 12. Nxb6 axb6 13. f4 Ba6 14. Kh1 Bxd3 15. cxd3 Qe7 16. Re1 Qe6 17. f5 Qe5 18. d4 Qf4 19. Bxf6 gxf6 20. Qc2 c5 21. d5 Re5 22. Re2 Rxa2 23. Rae1 Ra8 24. Qd3 Kh7 25. g3 Qg5 26. Kg2 Rae8 27. Rf2 R5e7 28. h4 Qg7 29. Kh3 h5 30. Rf4 Qh6 31. Qf3 Rg8 32. Ra1 Re5 33. Ra7 Re7 34. g4 hxg4+ 35. Rxg4 Rxg4 36. Kxg4 Qg7+ 37. Kh3 Qf8 38. Qh5+ Qh6 39. Qf3 Qf8 40. Ra3 Rd7 41. Ra1 Re7 42. Rg1 Qh6 43. Ra1 1/2-1/2

[Event "GRE-chT U16 14th"]
[Site "Rio Achaia"]
[Date "2022.12.17"]
[Round "4"]
[White "Papaioannou, Dimitrios1111"]
[Black "Hartofylakas, Spyros"]
[Result "0-1"]
[WhiteElo "2181"]
[BlackElo "1957"]
[PlyCount "74"]
[EventDate "2022.12.15"]
[EventType "team-swiss"]
[EventRounds "6"]
[EventCountry "GRE"]
[SourceTitle "EXT 2024"]
[Source "ChessBase"]
[SourceDate "2023.10.10"]
[SourceVersion "1"]
[SourceVersionDate "2023.10.10"]
[SourceQuality "1"]

1. c4 e6 2. Nf3 d5 3. g3 Nf6 4. Bg2 dxc4 5. Qa4+ Bd7 6. Qxc4 Bc6 7. 0-0 Nbd7 8. b3 Bd5 9. Qc2 c5 10. Nc3 Bc6 11. Rd1 Be7 12. Bb2 0-0 13. d4 cxd4 14. Rxd4 Bc5 15. Rh4 Rc8 16. Rd1 h6 17. e3 Qe7 18. Qe2 a6 19. e4 Bb4 20. Qe3 Bc5 21. Nd4 Ne5 22. Nd5 Bxd5 23. exd5 Ng6 24. Rh3 Nxd5 25. Qe2 Rfd8 26. Qf3 Nf6 27. Bf1 Rd7 28. Rc1 Rcd8 29. Ne2 e5 30. Kg2 b6 31. a3 Rd3 32. Qf5 Qb7+ 33. Kg1 Rf3 34. Bg2 Rxf2 35. Bxb7 Rxf5+ 36. Kh1 Rd2 37. b4 Be3 0-1

[Event "GRE-ch U14"]
[Site "Thessaloniki"]
[Date "2022.08.22"]
[Round "7"]
[White "Mylonakis, Ioannis Georg"]
[Black "Hartofylakas, Spyros"]
[Result "0-1"]
[WhiteElo "1738"]
[BlackElo "1863"]
[PlyCount "48"]
[EventDate "2022.08.18"]
[EventType "swiss"]
[EventRounds "9"]
[EventCountry "GRE"]
[SourceTitle "EXT 2023"]
[Source "ChessBase"]
[SourceDate "2022.10.05"]
[SourceVersion "1"]
[SourceVersionDate "2022.10.05"]
[SourceQuality "1"]

1. d4 d5 2. c4 e6 3. Nc3 c5 4. cxd5 cxd4 5. Qa4+ Bd7 6. Qxd4 exd5 7. Qxd5 Nf6 8. Qd1 Bc5 9. e3 0-0 10. Nf3 Qe7 11. Be2 Nc6 12. 0-0 Rfd8 13. a3 Ne5 14. Nd5 Nxd5 15. Qxd5 Nxf3+ 16. Qxf3 Bc6 17. Qg4 Rd6 18. g3 Be4 19. b4 Rg6 20. Qh5 Bd6 21. Bb2 Rh6 22. Qg4 f5 23. Bc4+ Kh8 24. Qe2 Rxh2 0-1

[Event "GRE-ch U14"]
[Site "Thessaloniki"]
[Date "2022.08.19"]
[Round "2"]
[White "Styfougias, Evangelos"]
[Black "Hartofylakas, Spyros"]
[Result "0-1"]
[WhiteElo "1413"]
[BlackElo "1863"]
[PlyCount "102"]
[EventDate "2022.08.18"]
[EventType "swiss"]
[EventRounds "9"]
[EventCountry "GRE"]
[SourceTitle "EXT 2023"]
[Source "ChessBase"]
[SourceDate "2022.10.05"]
[SourceVersion "1"]
[SourceVersionDate "2022.10.05"]
[SourceQuality "1"]

1. e4 c5 2. Nf3 d6 3. d4 cxd4 4. Nxd4 Nf6 5. f3 e5 6. Nb3 d5 7. Bg5 d4 8. c3 Nc6 9. Bb5 h6 10. Bxf6 Qxf6 11. 0-0 Bd6 12. cxd4 exd4 13. N1d2 Be6 14. Qe2 0-0 15. Nc4 Bxc4 16. Qxc4 Rac8 17. Qe2 Bf4 18. Rad1 Be3+ 19. Kh1 Qe5 20. Bd3 Nb4 21. Bb1 a5 22. a3 Na6 23. Nd2 Qh5 24. g3 Bxd2 25. Rxd2 Rfd8 26. Rfd1 Qc5 27. Rc2 Qb6 28. Rcd2 Qb3 29. Rd3 Qc4 30. b3 Qc5 31. Qb2 Nb8 32. b4 axb4 33. axb4 Qh5 34. Kg2 Nc6 35. g4 Qb5 36. Rb3 h5 37. h3 Qe5 38. Bd3 Qf4 39. Be2 h4 40. Bf1 Ne5 41. Qf2 Rc7 42. Rb2 d3 43. Qxh4 Qxf3+ 44. Kh2 Rdc8 45. Rbd2 Qf4+ 46. Kh1 Nf3 47. Qf2 Rc2 48. Bg2 Rxd2 49. Rxd2 Rc1+ 50. Bf1 Qxd2 51. Qxf3 Qe2 0-1

[Event "GRE-ch U14"]
[Site "Thessaloniki"]
[Date "2022.08.18"]
[Round "1"]
[White "Hartofylakas, Spyros"]
[Black "Balafoutis, Ilias"]
[Result "1-0"]
[WhiteElo "1863"]
[BlackElo "1317"]
[PlyCount "111"]
[EventDate "2022.08.18"]
[EventType "swiss"]
[EventRounds "9"]
[EventCountry "GRE"]
[SourceTitle "EXT 2023"]
[Source "ChessBase"]
[SourceDate "2022.10.05"]
[SourceVersion "1"]
[SourceVersionDate "2022.10.05"]
[SourceQuality "1"]

1. e4 c5 2. Nf3 e6 3. d4 cxd4 4. Nxd4 Nc6 5. Nc3 Qc7 6. Be2 a6 7. Nxc6 bxc6 8. Qd3 Nf6 9. Qg3 Qxg3 10. hxg3 Bb4 11. e5 Ne4 12. a3 Bxc3+ 13. bxc3 Nxc3 14. Bd3 a5 15. Bd2 Nd5 16. c4 Ba6 17. Ke2 Nb6 18. Rh4 f6 19. exf6 gxf6 20. Rb1 Na4 21. Bc2 Nc5 22. Be3 Nb7 23. Bxh7 Nd6 24. Bc5 Bxc4+ 25. Ke3 Nf7 26. Rbh1 d6 27. Bxd6 0-0-0 28. Be7 Rxh7 29. Bxd8 Rxh4 30. Rxh4 Kxd8 31. Rxc4 Kc7 32. Rf4 Ne5 33. Kd4 Nd7 34. Kc4 Ne5+ 35. Kc3 f5 36. Rd4 c5 37. Rd2 Kc6 38. a4 Nd7 39. Re2 e5 40. Kb3 Kd5 41. Rd2+ Kc6 42. Re2 Kd5 43. Rd2+ Kc6 44. f3 e4 45. g4 fxg4 46. fxe4 Ne5 47. Rd5 Nf7 48. Rf5 Nd6 49. Rf4 g3 50. Rg4 c4+ 51. Kc3 Kc5 52. Rg5+ Kb6 53. Rg6 Kc5 54. Rxd6 Kxd6 55. Kxc4 Ke5 56. Kd3 1-0

[Event "GRE-ch Schools Gym-B"]
[Site "Athen"]
[Date "2022.06.13"]
[Round "8"]
[White "Hartofylakas, Spyros"]
[Black "Styfougias, Evangelos"]
[Result "1-0"]
[WhiteElo "1878"]
[BlackElo "1357"]
[PlyCount "79"]
[EventDate "2022.06.12"]
[EventType "swiss"]
[EventRounds "9"]
[EventCountry "GRE"]
[SourceTitle "EXT 2023"]
[Source "ChessBase"]
[SourceDate "2022.10.05"]
[SourceVersion "1"]
[SourceVersionDate "2022.10.05"]
[SourceQuality "1"]

1. e4 c5 2. Nf3 d6 3. Bb5+ Nd7 4. c3 a6 5. Ba4 b5 6. Bc2 g6 7. 0-0 Bg7 8. d4 cxd4 9. cxd4 Bb7 10. a3 Ngf6 11. Nc3 0-0 12. Qe2 Nb6 13. b3 Qc7 14. Bb2 Rac8 15. Bd3 e6 16. Rac1 Qb8 17. a4 b4 18. Nb1 a5 19. Nbd2 Nfd7 20. Bb5 d5 21. e5 Rxc1 22. Rxc1 Rc8 23. Rxc8+ Qxc8 24. Nf1 Na8 25. Ne3 Nc7 26. Bd3 Ba6 27. Bxa6 Qxa6 28. Qc2 Qb6 29. Ne1 f6 30. Nd3 fxe5 31. dxe5 Na6 32. Qc8+ Nf8 33. h4 Bh6 34. Ng4 Bg7 35. Nf6+ Bxf6 36. exf6 h6 37. Ne5 Nc7 38. f7+ Kh7 39. Qxf8 Ne8 40. Qg8# 1-0

[Event "GRE-ch Schools Gym-B"]
[Site "Athen"]
[Date "2022.06.12"]
[Round "3"]
[White "Hartofylakas, Spyros"]
[Black "Giannoulis, Grigorios"]
[Result "1/2-1/2"]
[WhiteElo "1878"]
[BlackElo "1813"]
[PlyCount "41"]
[EventDate "2022.06.12"]
[EventType "swiss"]
[EventRounds "9"]
[EventCountry "GRE"]
[SourceTitle "EXT 2023"]
[Source "ChessBase"]
[SourceDate "2022.10.05"]
[SourceVersion "1"]
[SourceVersionDate "2022.10.05"]
[SourceQuality "1"]

1. e4 c5 2. Nf3 d6 3. Bb5+ Bd7 4. Bxd7+ Qxd7 5. 0-0 Nc6 6. c3 Nf6 7. Re1 e6 8. d4 cxd4 9. cxd4 d5 10. e5 Ne4 11. Nbd2 Nxd2 12. Bxd2 Bb4 13. Rc1 Bxd2 14. Qxd2 Rc8 15. Re3 0-0 16. Rec3 Ne7 17. Ne1 Rxc3 18. Rxc3 Rc8 19. Qc2 Rc5 20. Rc4 Rxc4 21. Qc3 1/2-1/2

[Event "GRE-ch Schools Gym-B"]
[Site "Athen"]
[Date "2022.06.12"]
[Round "4"]
[White "Poupalos, Nikolaos"]
[Black "Hartofylakas, Spyros"]
[Result "1-0"]
[WhiteElo "2107"]
[BlackElo "1878"]
[PlyCount "117"]
[EventDate "2022.06.12"]
[EventType "swiss"]
[EventRounds "9"]
[EventCountry "GRE"]
[SourceTitle "EXT 2023"]
[Source "ChessBase"]
[SourceDate "2022.10.05"]
[SourceVersion "1"]
[SourceVersionDate "2022.10.05"]
[SourceQuality "1"]

1. e4 e5 2. Nf3 Nc6 3. Bb5 a6 4. Ba4 Nf6 5. 0-0 Nxe4 6. d4 b5 7. Bb3 d5 8. dxe5 Be6 9. c3 Bc5 10. Nbd2 0-0 11. Bc2 Nxf2 12. Rxf2 f6 13. Nf1 Bxf2+ 14. Kxf2 fxe5 15. Kg1 h6 16. Ne3 Qd6 17. Qe2 Rae8 18. Nh4 e4 19. g3 Ne5 20. Bd2 c5 21. a3 d4 22. cxd4 cxd4 23. Bb4 Qc6 24. Bxf8 Rxf8 25. Nef5 Qc5 26. Bxe4 Nc4 27. Bd3 Bxf5 28. Nxf5 Rxf5 29. Bxf5 Qxf5 30. Rf1 Qd7 31. Rd1 Na5 32. Qe4 Nc6 33. b4 Kh8 34. Kg2 Kg8 35. Rc1 Ne7 36. Rf1 Nc6 37. Qf5 Qd6 38. Qf7+ Kh7 39. Qf5+ Kg8 40. Re1 Ne7 41. Qe6+ Qxe6 42. Rxe6 Nd5 43. Rd6 Ne3+ 44. Kf3 Nc2 45. Rxa6 d3 46. Rd6 Nxa3 47. Rxd3 Nc2 48. Rd5 Nxb4 49. Rxb5 Nc6 50. Ke4 Kh7 51. Rb7 Nd8 52. Rd7 Ne6 53. Kf5 Nc5 54. Rd5 Nb3 55. Ke4 Kg6 56. Kd3 Nc1+ 57. Kd2 Na2 58. Rb5 Kf6 59. Rb2 1-0

[Event "EU-ch Schools U13"]
[Site "Tornelo INT"]
[Date "2021.12.03"]
[Round "2"]
[White "Kiziria, Kakhaber"]
[Black "Hartofylakas, Spyros"]
[Result "0-1"]
[WhiteElo "1604"]
[BlackElo "1878"]
[PlyCount "122"]
[EventDate "2021.12.03"]
[EventType "swiss (rapid)"]
[EventRounds "7"]
[EventCountry "NET"]
[SourceTitle "EXT 2023"]
[Source "ChessBase"]
[SourceDate "2022.10.05"]
[SourceVersion "1"]
[SourceVersionDate "2022.10.05"]
[SourceQuality "1"]

1. e4 e5 2. Nf3 Nc6 3. Bb5 a6 4. Ba4 Nf6 5. 0-0 Nxe4 6. d4 b5 7. Bb3 d5 8. Re1 Be6 9. dxe5 Bc5 10. Be3 0-0 11. Nc3 Nxc3 12. bxc3 Bxe3 13. Rxe3 Ne7 14. Ng5 Nf5 15. Qh5 h6 16. Nxe6 fxe6 17. Rf3 c5 18. Qg6 Qd7 19. a3 c4 20. Ba2 Nh4 21. Rxf8+ Rxf8 22. Qg4 Nf5 23. Rd1 Qe7 24. Qg6 Kh8 25. a4 bxa4 26. Qg4 Qc5 27. Qf4 Kh7 28. Rb1 Qc8 29. Rb4 Ne7 30. Qe3 Nc6 31. Rxa4 Qb7 32. h3 Qb5 33. Ra3 a5 34. Qe1 Qb2 35. Ra4 Qb5 36. Ra3 a4 37. Qe3 Ra8 38. Qc1 Qc5 39. Bb1 Nxe5 40. Ra1 a3 41. Ba2 Rf8 42. Qe1 Qd6 43. Rb1 Nd7 44. Qe3 Rb8 45. Rd1 Rb2 46. Bxc4 Qb6 47. Bd3+ Kh8 48. Qg3 Qb8 49. Qg6 Nf6 50. Rf1 a2 51. g4 Rb1 52. g5 Rxf1+ 53. Kxf1 hxg5 54. Qxg5 a1Q+ 55. Kg2 Qaa8 56. Qh4+ Kg8 57. Qg5 d4+ 58. Kg1 Qb1+ 59. Kh2 Qbh1+ 60. Kg3 Qhg2+ 61. Kh4 Qxg5+ 0-1

[Event "EU-ch Hybrid U14"]
[Site "Tornelo INT"]
[Date "2021.10.15"]
[Round "2"]
[White "Taspinar, Yanki"]
[Black "Hartofylakas, Spyros"]
[Result "1/2-1/2"]
[WhiteElo "2147"]
[BlackElo "1912"]
[PlyCount "152"]
[EventDate "2021.10.15"]
[EventType "swiss"]
[EventRounds "9"]
[EventCountry "NET"]
[SourceTitle "EXT 2023"]
[Source "ChessBase"]
[SourceDate "2022.10.05"]
[SourceVersion "1"]
[SourceVersionDate "2022.10.05"]
[SourceQuality "1"]
[WhiteTeam "Turkey"]
[BlackTeam "Greece"]
[WhiteTeamCountry "TUR"]
[BlackTeamCountry "GRE"]

1. d4 d5 2. c4 e6 3. Nc3 Nf6 4. Nf3 Be7 5. Bg5 0-0 6. e3 Nbd7 7. Bd3 a6 8. cxd5 exd5 9. 0-0 c6 10. h3 Re8 11. Qc2 Nf8 12. Ne5 g6 13. f4 Ne4 14. Nxe4 dxe4 15. Bc4 Be6 16. Bxe6 Nxe6 17. Bxe7 Rxe7 18. f5 Nxd4 19. Qc5 Nxf5 20. Rad1 Qc7 21. Ng4 Re6 22. Rf4 Rd8 23. Rdf1 Rd5 24. Qc3 Qe7 25. Rxe4 Rxe4 26. Nf6+ Kf8 27. Nxd5 Qe5 28. Qxe5 Rxe5 29. Nf6 Kg7 30. Ng4 Re6 31. Kf2 h5 32. Nh2 Rxe3 33. Rd1 Re7 34. Rd3 h4 35. Nf3 f6 36. b4 g5 37. a4 Kg6 38. Nd2 Ng3 39. Re3 Rd7 40. Nb3 Nf5 41. Rc3 Re7 42. Nc5 Nd6 43. Kf3 Kf5 44. Rd3 Nc4 45. Rd4 Ne5+ 46. Kf2 g4 47. a5 g3+ 48. Kf1 Ng6 49. Rd2 Nf4 50. Nb3 Re4 51. Nd4+ Kg6 52. Nf3 Nd5 53. Rb2 Nxb4 54. Rb3 c5 55. Nd2 Rf4+ 56. Nf3 Re4 57. Nd2 Re7 58. Nf3 Nc6 59. Rc3 Nxa5 60. Rxc5 Nb3 61. Rc3 Na5 62. Nxh4+ Kg5 63. Nf3+ Kf4 64. Nd4 b5 65. Ne2+ Ke4 66. Nxg3+ Kd5 67. Ra3 Nc4 68. Rxa6 f5 69. Ne2 b4 70. Nc1 Kd4 71. Ra8 Kc3 72. Na2+ Kb3 73. Nxb4 Kxb4 74. Rf8 Kc3 75. Kf2 Nd6 76. g4 fxg4 1/2-1/2

[Event "GRE-ch U14"]
[Site "Patras"]
[Date "2021.09.03"]
[Round "7"]
[White "Hartofylakas, Spyros"]
[Black "Moschat, Iosif Theodoros"]
[Result "1-0"]
[WhiteElo "1777"]
[BlackElo "1250"]
[PlyCount "63"]
[EventDate "2021.08.30"]
[EventType "swiss"]
[EventRounds "9"]
[EventCountry "GRE"]
[SourceTitle "EXT 2022"]
[Source "ChessBase"]
[SourceDate "2021.10.06"]
[SourceVersion "1"]
[SourceVersionDate "2021.10.06"]
[SourceQuality "1"]

1. e4 e5 2. Nf3 Nc6 3. Bb5 Bc5 4. c3 d6 5. d4 exd4 6. cxd4 Bb4+ 7. Kf1 a6 8. Bxc6+ bxc6 9. Qa4 Rb8 10. a3 Qe7 11. axb4 Qxe4 12. Nc3 Qd3+ 13. Kg1 Ne7 14. h3 h6 15. Kh2 g5 16. Re1 Kd8 17. Qd1 Qh7 18. Qe2 f5 19. Nxg5 hxg5 20. Bxg5 Re8 21. d5 Bb7 22. dxc6 Bxc6 23. Rxa6 Bb7 24. Ra7 Qg7 25. f4 Kc8 26. Qe6+ Kd8 27. b5 Bc8 28. Qc4 Rb7 29. Ra8 c6 30. Qxc6 Qxg5 31. Rxc8+ Nxc8 32. Rxe8# 1-0

[Event "GRE-ch U14"]
[Site "Patras"]
[Date "2021.09.02"]
[Round "6"]
[White "Makridis, Dimitrios"]
[Black "Hartofylakas, Spyros"]
[Result "1/2-1/2"]
[WhiteElo "2256"]
[BlackElo "1777"]
[PlyCount "61"]
[EventDate "2021.08.30"]
[EventType "swiss"]
[EventRounds "9"]
[EventCountry "GRE"]
[SourceTitle "EXT 2022"]
[Source "ChessBase"]
[SourceDate "2021.10.06"]
[SourceVersion "1"]
[SourceVersionDate "2021.10.06"]
[SourceQuality "1"]

1. e4 e5 2. Nf3 Nc6 3. d4 exd4 4. Nxd4 Qf6 5. Nf3 Bb4+ 6. c3 Bc5 7. Bg5 Qg6 8. Nbd2 d6 9. a4 a5 10. Bb5 Nge7 11. Qe2 0-0 12. 0-0-0 f6 13. Be3 Bxe3 14. Qxe3 f5 15. exf5 Nxf5 16. Qd3 Qxg2 17. Rdf1 Kh8 18. Rhg1 Qh3 19. Qc2 Qh6 20. Bd3 d5 21. Ng5 Ne5 22. Re1 Qf6 23. f4 Ng6 24. Rgf1 h6 25. Ngf3 Nxf4 26. Ne5 Ne7 27. Kb1 Bh3 28. Rf3 Rad8 29. Ka2 c5 30. Bb5 Neg6 31. Nd3 1/2-1/2

[Event "GRE-ch U14"]
[Site "Patras"]
[Date "2021.09.01"]
[Round "4"]
[White "Hartofylakas, Spyros"]
[Black "Tsarsitalidis, Christos"]
[Result "1-0"]
[WhiteElo "1777"]
[BlackElo "1786"]
[PlyCount "47"]
[EventDate "2021.08.30"]
[EventType "swiss"]
[EventRounds "9"]
[EventCountry "GRE"]
[SourceTitle "EXT 2022"]
[Source "ChessBase"]
[SourceDate "2021.10.06"]
[SourceVersion "1"]
[SourceVersionDate "2021.10.06"]
[SourceQuality "1"]

1. e4 c6 2. d4 d5 3. e5 Bf5 4. Nd2 e6 5. Nb3 Nd7 6. Nf3 Ne7 7. Be2 c5 8. dxc5 Nc6 9. Nfd4 Bg6 10. Nxc6 bxc6 11. Be3 Nxe5 12. Bd4 Nd7 13. f4 Nf6 14. Ba6 Rb8 15. 0-0 Nd7 16. Qe2 Be4 17. Bd3 Bxd3 18. Qxd3 Qc7 19. Rae1 Rb5 20. Qc3 a5 21. a4 Rb4 22. f5 Rc4 23. fxe6 Rxc3 24. exf7+ 1-0

[Event "GRE-ch Online Blitz op 1st"]
[Site "Tornelo INT"]
[Date "2021.02.07"]
[Round "15"]
[White "Hartofylakas, Spyros"]
[Black "Giouvantsioudis, Konstantinos"]
[Result "0-1"]
[WhiteElo "1359"]
[BlackElo "1629"]
[PlyCount "76"]
[EventDate "2021.02.07"]
[EventType "swiss (blitz)"]
[EventRounds "16"]
[EventCountry "GRE"]
[SourceTitle "EXT 2023"]
[Source "ChessBase"]
[SourceDate "2022.10.05"]
[SourceVersion "1"]
[SourceVersionDate "2022.10.05"]
[SourceQuality "1"]

1. e4 c5 2. Nf3 e6 3. c3 d5 4. exd5 Qxd5 5. d4 cxd4 6. cxd4 Nf6 7. Nc3 Bb4 8. Qa4+ Nc6 9. Bb5 Bxc3+ 10. bxc3 Bd7 11. Be3 0-0 12. 0-0 a6 13. Bc4 Qd6 14. Qc2 Rac8 15. Qe2 Qc7 16. Bb3 Ne4 17. Qd3 Nf6 18. Bg5 Ne8 19. Bc2 g6 20. Bh6 Ng7 21. Rab1 Rfe8 22. Rfc1 e5 23. d5 Ne7 24. d6 Qc5 25. dxe7 Rxe7 26. Qe3 Qxe3 27. Bxe3 Rxc3 28. Bb3 Rxc1+ 29. Rxc1 Bc6 30. Rd1 Re8 31. Ng5 Rf8 32. Bc5 Rc8 33. Nxf7 Ba4 34. Be6 Nxe6 35. Nh6+ Kg7 36. Rd6 Nxc5 37. Ng4 Ne4 38. Nxe5 Rc1+ 0-1